000 00326nam a2200133Ia 4500
008 100328s9999 xx 000 0 und d
082 _b31277
100 _aमोकाशी दि. बा.
245 _aपालखी
260 _bमौज
630 _aपालखी
730 _aपालखी
942 _cBOOK
999 _c522225
_d522222